000 00564nam a22002057a 4500
003 OSt
005 20140310182804.0
008 130214t xxu||||| |||| 00| 0 eng d
020 _a0030209374
050 _aQD 251.2
_b.B877 1997
082 _aM 547
_bB81 1998
245 _aIntroduction to organic chemistry
_cBrown, William H.
260 _aSingapore :
_bSaunders College Publishing,
_cc1998.
300 _axxvi, 615 p.
_c25 cm.
_bill. ;
521 _aCollege Students
526 _c1210L-1700L
541 _j1
562 _e1
942 _2lcc
_cBK
_kM
999 _c16055
_d16055